000 00365nam a2200133Ia 4500
008 220204s9999 xx 000 0 und d
082 _a331:631.96(540)
_bREP
245 0 _aReport of the study group for plantations (coffee, rubber, tea)
260 _aDelhi
_bNatl commn on labour
_c1968
650 _aPlantations
650 _aRubber
650 _aTea
942 _cBK
999 _c23200
_d23200